| 000 | 00962nam a22002777a 4500 | ||
|---|---|---|---|
| 005 | 20240530110354.0 | ||
| 008 | 150104s2010 ua g b 000 0 ara d | ||
| 017 |
_a2009/17942 _bمصر . دار الكتب المصرية |
||
| 020 | _a9772327465 | ||
| 040 | _aEG-CaGPL | ||
| 041 | 0 | _aara | |
| 082 | 0 | 4 |
_221 _a372.83044\ _bف ت |
| 100 | 0 | _aفكرى حسن ريان | |
| 245 | 1 | 2 |
_aالتعلم الاجتماعى و تدريس الاجتماعيات / _cفكرى حسن ريان |
| 250 | _aط1 | ||
| 260 |
_aالقاهرة : _bعالم الكتب ، _c2010 |
||
| 300 |
_a249 ص ؛ _c24 سم |
||
| 504 | _aببليوجرافية : ص 231 - 247 | ||
| 650 | 0 | 4 |
_aالعلوم الاجتماعية _xطرق التدريس |
| 650 | 0 | 4 |
_aالاجتماع _xعلم |
| 650 | 0 | 4 | _aالدراسات الاجتماعية |
| 650 | 0 | 4 | _aالتعليم |
| 650 | 0 | 4 | _aتعليم الاطفال |
| 942 |
_2ddc _cBK |
||
| 999 |
_c60138 _d60138 |
||